zpět

Detail výsledku týmu

The Pub Praha 2 ST, Praha

Datum a čas kvízu

39.5 Celkem bodů Celkový počet nahraných bodů na tomto kvízu bez doplňovacích otázek.
3. Pořadí na kvízu Konečné umístění týmu na tomto kvízu.

Zaznamenané odpovědi

# Otázka Odpověď Body Výsledky
1. Ve které obci se v sobotu kona... v Průhonicích 1
2. Internet minulý týden obletělo... kocour (kočka) 1
3. V pátek začal v Uherském Hradi... Letní filmová škola 1
4. Česká armáda v pátek převzala... Toyota 1
5. Basketbalista Tomáš Satoranský... v New Orleans 1
6. Rozhodli jsme se prověřit vaše... Rott 1
7. V roce 1844 byla vynalezena hl... cylindrická vložka 1
8. Některé šrouby nemají ani jedn... inbus (též nespisovně imbus) 1
9. Jak byste dvěma slovy začínají... pružná / pérová podložka 0
10. Tato součástka je důležitá pro... sklíčidlo 0